000 00299nam a22001337a 4500
008 171228b xxu||||| |||| 00| 0 eng d
020 _a9780896034686
041 _aeng
080 _a573
100 _a11
101 _aBIO
245 _aPROTEIN PHOSPATASE PROTOCOLS
_cLUDLOW, J.W
942 _2udc
_cBK
999 _c39556
_d39556